|
|
|
|
| LEADER |
01062nam a2200229 a 4500 |
| 008 |
100526s2006 ii b 000 0 ben d |
| 020 |
|
|
|a 8188792195
|
| 040 |
|
|
|a DB-DhAAL
|c DB-DhAAL
|
| 041 |
0 |
|
|a benben
|
| 082 |
0 |
4 |
|a 954.14031
|2 22
|
| 100 |
1 |
|
|a ইসলাম, আমিনুল
|
| 245 |
1 |
0 |
|a সত্যের সন্ধানে মুসলিম সমাজ /
|c আমিনুল ইসলাম
|
| 260 |
|
|
|a কলকাতা :
|b বিশ্ববঙ্গীয় প্রকাশনা,
|c ২০০৬
|
| 300 |
|
|
|a ২৬৬ পৃ.;
|c ২২ সে.মি.
|
| 504 |
|
|
|a Includes bibliographical references.
|
| 541 |
1 |
|
|e 00020337
|
| 651 |
|
0 |
|a Bengal (India)
|x Politics and government
|y 19th century.
|
| 651 |
|
0 |
|a Bengal (India)
|x Politics and government
|y 20th century.
|
| 650 |
|
0 |
|a Muslims
|x Political activity
|z India
|z Bengal.
|
| 852 |
4 |
|
|a Ayesha Abed Library
|j General Shelf.
|
| 999 |
|
|
|c 8732
|d 8732
|
| 952 |
|
|
|0 0
|1 0
|2 ddc
|4 0
|6 954_140310000000000_ISL_2006
|7 0
|9 10547
|a BDI
|b BDI
|c GEN
|d 2010-05-26
|l 0
|o 954.14031 ISL
|p 3010020337
|r 2010-05-26
|t 1
|w 2010-05-26
|y BK
|